Each Countries Demonym - Statistics

General Stats
  • This quiz has been taken 16 times
  • The average score is 132 of 196
Answer Stats
Country City % Correct
Afghanistan Afghan
92%
Albania Albanian
92%
Algeria Algerian
92%
Andorra Andorran
92%
Angola Angolan
92%
Antigua & Barbuda Antiguan
92%
Argentina Argentinian
92%
Armenia Armenian
92%
Australia Australian
92%
Austria Austrian
92%
Azerbaijan Azerbaijani
92%
Denmark Danish
92%
Belarus Belarussian
85%
Belgium Belgian
85%
Bolivia Bolivian
85%
Bosnia & Herzegovina Bosnian
85%
Brazil Brazilian
85%
Bulgaria Bulgarian
85%
Canada Canadian
85%
Chad Chadian
85%
Chile Chilean
85%
Croatia Croatian
85%
Czech Republic Czech
85%
Dominica | Dominican Republic Dominican
85%
Egypt Egyptian
85%
Estonia Estonian
85%
Ethiopia Ethiopian
85%
Finland Finnish
85%
France French
85%
Georgia Georgian
85%
Germany German
85%
Greece Greek
85%
Hungary Hungarian
85%
Iceland Icelandic
85%
India Indian
85%
Iraq Iraqi
85%
Ireland Irish
85%
Italy Italian
85%
Latvia Latvian
85%
Bahrain Bahraini
77%
Bangladesh Bangladeshi
77%
Bhutan Bhutanese
77%
Burundi Burundian
77%
Cambodia Cambodian
77%
Colombia Colombian
77%
Democratic Republic of the Congo | Republic of the Congo Congolese
77%
Costa Rica Costa Rican
77%
Cuba Cuban
77%
Djibouti Djiboutian
77%
Netherlands Dutch
77%
Ecuador Ecuadorian
77%
Eritrea Eritrean
77%
Fiji Fijian
77%
Gabon Gabonese
77%
Gambia Gambian
77%
Guatemala Guatemalan
77%
Guinea Guinean
77%
Guyana Guyanese
77%
Haiti Haitian
77%
Indonesia Indonesian
77%
Iran Iranian and/or Persian
77%
Israel Israeli
77%
Jamaica Jamaican
77%
Japan Japanese
77%
Jordan Jordanian
77%
Kenya Kenyan
77%
Laos Lao
77%
Lithuania Lithuanian
77%
Malaysia Malaysian
77%
Malta Maltese
77%
Mexico Mexican
77%
Micronesia Micronesian
77%
Mongolia Mongolian
77%
Morocco Moroccan
77%
Namibia Namibian
77%
Nigeria Nigerian
77%
Niger Nigerien
77%
North Korea North Korean
77%
Norway Norwegian
77%
Pakistan Pakistani
77%
Poland Polish
77%
Russia Russian
77%
Saudi Arabia Saudi
77%
Serbia Serbian
77%
Somalia Somali
77%
United States of America American
69%
Bahamas Bahamian
69%
Benin Beninese
69%
Cameroon Cameroonian
69%
Cyprus Cypriot
69%
Grenada Grenadian
69%
Kazakhstan Kazakh
69%
Kuwait Kuwaiti
69%
Kyrgyzstan Kyrgyz
69%
Lebanon Lebanese
69%
Liberia Liberian
69%
Libya Libyan
69%
North Macedonia Macedonian
69%
Malawi Malawian
69%
Moldova Moldovan
69%
Nepal Nepali
69%
Nicaragua Nicaraguan
69%
Oman Omani
69%
Palestine Palestinian
69%
Qatar Qatari
69%
Romania Romanian
69%
Rwanda Rwandan
69%
Samoa Samoan
69%
Senegal Senegalese
69%
Slovakia Slovak
69%
Slovenia Slovene
69%
South Korea South Korean
69%
Spain Spanish
69%
Sudan Sudanese
69%
Sweden Swedish
69%
Switzerland Swiss
69%
Turkey Turkish
69%
Ukraine Ukrainian
69%
Belize Belizean
62%
Brunei Bruneian
62%
Myanmar Burmese
62%
Central African Republic Central African
62%
United Kingdom English
62%
Philippines Filipino
62%
Honduras Honduran
62%
Ivory Coast Ivorian
62%
Luxembourg Luxembourgish
62%
Maldives Maldivian
62%
Mauritania Mauritanian
62%
Peru Peruvian
62%
Portugal Portugese
62%
Singapore Singaporean
62%
South Africa South African
62%
South Sudan South Sudanese
62%
Sri Lanka Sri Lankan
62%
Syria Syrian
62%
Taiwan Taiwanese
62%
Tajikistan Tajikistani
62%
Tanzania Tanzanian
62%
Thailand Thai
62%
East Timor Timorese
62%
Tonga Tongan
62%
Trinidad & Tobago Trinidadian
62%
Tunisia Tunisian
62%
Turkmenistan Turkmen
62%
Uganda Ugandan
62%
Uzebekistan Uzbekistani
62%
Vatican City Vatican
62%
Venezuela Venezuelan
62%
Vietnam Vietnamese
62%
Yemen Yemeni
62%
Zambia Zambian
62%
Barbados Barbadian
54%
Botswana Botswanan
54%
United Arab Emirates Emirati
54%
Kiribati Kiribati
54%
Liechtenstein Liechtensteiner
54%
Mauritius Mauritian
54%
Montenegro Montenegrin
54%
Nauru Nauruan
54%
Palau Palauan
54%
Panama Panamanian
54%
Papua New Guinea Papua New Guinean
54%
Paraguay Paraguayan
54%
Solomon Islands Solomon Island
54%
Eswatini Swazi
54%
Tuvalu Tuvaluan
54%
Uruguay Uruguayan
54%
Vanuatu Vanuatuan
54%
Zimbabwe Zimbabwean
54%
Kosovo Kosovar
46%
Marshall Islands Marshallese
46%
Saint Lucia Saint Lucian
46%
Sierra Leone Sierra Leonean
46%
Suriname Surinamese
46%
Togo Togolese
46%
Ghana Ghanaian
38%
Madagascar Malagasy
38%
El Salvador Salvadoran
38%
São Tomé and Príncipe São Toméan
38%
Seychelles Seychellois
38%
Burkina Faso Burkinabé
31%
Cape Verde Cabo Verdean
31%
Comoros Comoran
31%
San Marino Sammarinese
31%
Lesotho Basotho
23%
Guinea-Bissau Bissau-Guinean
23%
Equatorial Guinea Equatoguinean
23%
Saint Kitts & Nevis Kittitian
23%
Mali Malinese
23%
Monaco Monégasque
23%
Mozambique Mozambican
23%
New Zealand New Zealandic
23%
Saint Vincent & The Grenadines Vincentian
23%
No matching quizzes found
Score Distribution
Percent of People with Each Score
Percentile by Number Answered
Your Score History
You have not taken this quiz